000 00640nam a22001937a 4500
003 koha_MIRAKIL
005 20250110132122.0
008 250110b tur||||| |||| 00| 0 tur d
020 _a9786055648817
040 _aTR-IsEVY
_btur
_cTR-IsEVY
041 _atur
082 _aFIC SÖN/K
100 _aSönmez, Gülsüm Koçak
245 0 _aKarga karga pırt dedi :
_bdeyimlerle öyküler /
_cGülsüm Koçak Sönmez ; resimleyen Cemre Arslan.
260 _aİstanbul :
_bDinozor Çocuk Yayınları,
_c2019.
300 _a127 s. :
_bresimli ;
_c19 cm.
650 _aÇocuk Edebiyatı.
_vÇocuk Romanı.
_vDeyim Öyküleri.
942 _2ddc
_cBK
999 _c21373
_d21373